[Event "Calvia Amateur op 16th"]
[Site "Calvia"]
[Date "2019.10.08"]
[Round "4"]
[White "Vernuks, Vjaceslavs"]
[Black "Bertz, Uwe"]
[Result "1/2-1/2"]
[WhiteElo "1692"]
[BlackElo "1928"]
[PlyCount "46"]
[EventDate "2019.10.05"]
[EventType "swiss"]
[EventRounds "9"]
[EventCountry "ESP"]
[SourceTitle "CBM 192 Extra"]
[Source "Chessbase"]
[SourceDate "2019.11.06"]
[SourceVersion "1"]
[SourceVersionDate "2019.11.06"]
[SourceQuality "1"]

1. d4 d5 2. c4 e6 3. Nf3 Nf6 4. g3 Be7 5. Bg2 0-0 6. 0-0 Nbd7 7. Qc2 Re8 8. b3 b6 9. cxd5 exd5 10. Bb2 Bb7 11. Nbd2 c5 12. Rac1 Rc8 13. Qd1 Bf8 14. e3 Ne4 15. Bh3 Rc7 16. Nxe4 dxe4 17. Ne5 Nxe5 18. dxe5 Qg5 19. Qg4 Qxg4 20. Bxg4 Bc8 21. Bxc8 Rcxc8 22. Rfd1 Red8 23. Kg2 Be7 1/2-1/2

[Event "Riga RTU rapid op"]
[Site "Riga"]
[Date "2019.07.04"]
[Round "5"]
[White "Vernuks, Vjaceslavs"]
[Black "Kopylov, Daniel"]
[Result "0-1"]
[WhiteElo "1638"]
[BlackElo "2103"]
[PlyCount "50"]
[EventDate "2019.07.04"]
[EventType "swiss (rapid)"]
[EventRounds "9"]
[EventCountry "LAT"]
[SourceTitle "EXT 2020"]
[Source "ChessBase"]
[SourceDate "2019.10.17"]
[SourceVersion "1"]
[SourceVersionDate "2019.10.17"]
[SourceQuality "1"]

1. c4 g6 2. Nc3 Nf6 3. g3 Bg7 4. Bg2 0-0 5. Nf3 d5 6. cxd5 Nxd5 7. 0-0 c5 8. Qb3 e6 9. a3 Nc6 10. d3 b6 11. Nxd5 Qxd5 12. Qxd5 exd5 13. Rb1 Re8 14. e3 Bf5 15. Ne1 Rad8 16. b3 Ne5 17. e4 dxe4 18. dxe4 Bd7 19. a4 Bc8 20. f4 Ng4 21. Bf3 Bd4+ 22. Kg2 f5 23. e5 Ba6 24. Bxg4 fxg4 25. h4 gxh3+ 0-1